[Event "Wasa op U20 1600+"]
[Site "Wasa"]
[Date "2020.09.25"]
[Round "1"]
[White "Isaksson, Philip"]
[Black "Ostlund, Joar"]
[Result "0-1"]
[WhiteElo "1743"]
[BlackElo "2075"]
[PlyCount "52"]
[EventDate "2020.09.11"]
[EventType "swiss"]
[EventRounds "5"]
[EventCountry "SWE"]
[SourceTitle "EXT 2023"]
[Source "ChessBase"]
[SourceDate "2022.10.05"]
[SourceVersion "1"]
[SourceVersionDate "2022.10.05"]
[SourceQuality "1"]
[WhiteTeam "Sweden"]
[BlackTeam "Sweden"]
[WhiteTeamCountry "SWE"]
[BlackTeamCountry "SWE"]

1. e4 e5 2. Nf3 Nc6 3. Bb5 Nge7 4. Nc3 g6 5. d3 Bg7 6. Bg5 h6 7. Be3 0-0 8. Qd2 Kh7 9. d4 exd4 10. Nxd4 a6 11. Be2 d6 12. 0-0 f5 13. exf5 Nxf5 14. Nxf5 Bxf5 15. Bd3 Ne5 16. Bxf5 Rxf5 17. Qe2 Qh4 18. Rad1 Nf3+ 19. Qxf3 Rxf3 20. gxf3 Be5 21. f4 Bxf4 22. Bxf4 Qxf4 23. Nd5 Qg4+ 24. Kh1 Rf8 25. c3 Qf3+ 26. Kg1 Rf5 0-1

[Event "EU-ch U12"]
[Site "Bratislava"]
[Date "2019.08.09"]
[Round "8"]
[White "Moller, Tomas"]
[Black "Isaksson, Philip"]
[Result "0-1"]
[WhiteElo "1291"]
[BlackElo "1675"]
[PlyCount "128"]
[EventDate "2019.08.02"]
[EventType "swiss"]
[EventRounds "9"]
[EventCountry "SVK"]
[SourceTitle "EXT 2020"]
[Source "ChessBase"]
[SourceDate "2019.10.17"]
[SourceVersion "1"]
[SourceVersionDate "2019.10.17"]
[SourceQuality "1"]

1. e4 e5 2. Nf3 Nc6 3. Bb5 a6 4. Ba4 Nf6 5. d3 d6 6. 0-0 Be7 7. c3 b5 8. Bc2 0-0 9. Re1 Na5 10. Nbd2 c5 11. Nf1 Qc7 12. Ng3 Nc6 13. h3 d5 14. exd5 Nxd5 15. Bb3 Nf6 16. Qe2 Bd6 17. Bg5 Nd7 18. Nf5 h6 19. Bh4 Re8 20. Bg3 Bf8 21. Bd5 g6 22. Ne3 Bb7 23. Ng4 h5 24. Ne3 Bh6 25. Nh4 Qd6 26. Bh2 Nb6 27. Bf3 Qf6 28. g3 Nd8 29. Bxb7 Nxb7 30. Nf3 Rad8 31. Rad1 Nd6 32. g4 Bf4 33. Ng2 Bxh2+ 34. Kxh2 hxg4 35. hxg4 e4 36. dxe4 Rxe4 37. Qd3 c4 38. Qxe4 Nxe4 39. Rxd8+ Qxd8 40. Rxe4 Qd5 41. Re3 Qd6+ 42. Kh3 Nd5 43. Re4 Qf6 44. Nd2 Qxf2 45. Rd4 Ne3 46. Nxe3 Qxe3+ 47. Kh2 Qe5+ 48. Kh3 Kg7 49. Re4 Qf6 50. Rd4 Qe7 51. Ne4 Qe8 52. g5 Qe6+ 53. Kh4 Qe8 54. Kg4 Qc8+ 55. Kh4 Qh8+ 56. Kg3 Qb8+ 57. Kg4 a5 58. Rd5 Qa8 59. Re5 Qb8 60. Kf4 b4 61. Nd2 bxc3 62. bxc3 f6 63. gxf6+ Kxf6 64. Nxc4 Qc7 0-1

[Event "EU-ch U12"]
[Site "Bratislava"]
[Date "2019.08.07"]
[Round "6"]
[White "Stogr, Viktor"]
[Black "Isaksson, Philip"]
[Result "1/2-1/2"]
[WhiteElo "1583"]
[BlackElo "1675"]
[PlyCount "59"]
[EventDate "2019.08.02"]
[EventType "swiss"]
[EventRounds "9"]
[EventCountry "SVK"]
[SourceTitle "EXT 2020"]
[Source "ChessBase"]
[SourceDate "2019.10.17"]
[SourceVersion "1"]
[SourceVersionDate "2019.10.17"]
[SourceQuality "1"]

1. e4 e5 2. Nf3 Nc6 3. d4 exd4 4. Nxd4 Nf6 5. Nxc6 bxc6 6. e5 Qe7 7. Qe2 Nd5 8. g3 g6 9. c4 Nb6 10. b3 Bg7 11. Bb2 Ba6 12. Bg2 Rb8 13. Qe3 0-0 14. 0-0 Rfe8 15. Bc3 Bxe5 16. Bxe5 Qxe5 17. Qxe5 Rxe5 18. Nc3 Rbe8 19. Rfd1 R5e7 20. h4 Kg7 21. Rac1 Bc8 22. c5 Na8 23. Bf1 Rd8 24. Bg2 Bb7 25. Ne4 f5 26. Nc3 Re5 27. b4 Kf7 28. Rc2 Ree8 29. Rcd2 Re7 30. b5 1/2-1/2

[Event "EU-ch U12"]
[Site "Bratislava"]
[Date "2019.08.06"]
[Round "5"]
[White "Isaksson, Philip"]
[Black "Nemsadze, Daviti"]
[Result "0-1"]
[WhiteElo "1675"]
[BlackElo "1856"]
[PlyCount "122"]
[EventDate "2019.08.02"]
[EventType "swiss"]
[EventRounds "9"]
[EventCountry "SVK"]
[SourceTitle "EXT 2020"]
[Source "ChessBase"]
[SourceDate "2019.10.17"]
[SourceVersion "1"]
[SourceVersionDate "2019.10.17"]
[SourceQuality "1"]

1. e4 c5 2. Nf3 Nc6 3. Bb5 e6 4. 0-0 Nge7 5. c3 a6 6. Bd3 d5 7. Re1 g6 8. Bc2 Bg7 9. e5 d4 10. cxd4 cxd4 11. d3 Qc7 12. Bf4 h6 13. Bg3 Nf5 14. Qe2 Nxg3 15. hxg3 0-0 16. Bb3 b5 17. Nbd2 Bb7 18. Rac1 Qb6 19. a3 Rfd8 20. Rc2 Rac8 21. Rec1 Qa7 22. Ba2 Qb8 23. Re1 Nxe5 24. Rxc8 Nxf3+ 25. Nxf3 Rxc8 26. Nh4 g5 27. Nf3 Rc5 28. Qd2 Qc7 29. Bb3 Bf6 30. Qe2 Kg7 31. Qd2 Qc6 32. g4 Qc7 33. Rd1 Kh7 34. Re1 Qc6 35. Re4 Qc7 36. Re1 Kg6 37. Qe2 Qf4 38. Qd1 Kg7 39. Nd2 Rc8 40. Qe2 Qd6 41. Ne4 Qc6 42. Qf3 Be7 43. Qg3 Qc7 44. Qf3 Rf8 45. Qe2 Qc6 46. Qf1 Rc8 47. Ng3 a5 48. Nf5+ Kf8 49. Nxd4 Qc5 50. Ne2 a4 51. Rc1 Qe5 52. Rxc8+ Bxc8 53. d4 Qe4 54. Ba2 b4 55. Bb1 Qb7 56. axb4 Qxb4 57. Qc1 Ba6 58. Qc3 Bxe2 59. Qc8+ Kg7 60. Qc3 Ba6 61. Qc1 Qxd4 0-1

[Event "EU-ch U12"]
[Site "Bratislava"]
[Date "2019.08.03"]
[Round "2"]
[White "Pingin, Artem"]
[Black "Isaksson, Philip"]
[Result "1-0"]
[WhiteElo "2155"]
[BlackElo "1675"]
[PlyCount "85"]
[EventDate "2019.08.02"]
[EventType "swiss"]
[EventRounds "9"]
[EventCountry "SVK"]
[SourceTitle "EXT 2020"]
[Source "ChessBase"]
[SourceDate "2019.10.17"]
[SourceVersion "1"]
[SourceVersionDate "2019.10.17"]
[SourceQuality "1"]

1. e4 e5 2. Nf3 Nc6 3. Bb5 a6 4. Ba4 Nf6 5. 0-0 Be7 6. Re1 b5 7. Bb3 d6 8. c3 0-0 9. h3 Na5 10. Bc2 c5 11. d4 Qc7 12. Nbd2 cxd4 13. cxd4 Bd7 14. Nf1 Rac8 15. Bd3 Nc6 16. Be3 Qb8 17. d5 Nb4 18. Bb1 Qc7 19. Qe2 a5 20. Rc1 Qb7 21. Rxc8 Rxc8 22. a3 Na6 23. b4 Bd8 24. Bd2 a4 25. Bd3 h6 26. Ng3 Be7 27. Rf1 Rf8 28. Nh2 Nh7 29. Ng4 Bg5 30. Bxg5 hxg5 31. Nf5 Qb8 32. Ne7+ Kh8 33. Rc1 Qb6 34. Nc6 Nc7 35. Qe3 Qxe3 36. Nxe3 g6 37. Nxe5 dxe5 38. Rxc7 Rd8 39. Ng4 f6 40. Rb7 Bc6 41. dxc6 Rxd3 42. c7 Rc3 43. Rb8+ 1-0

[Event "EU-ch U12"]
[Site "Bratislava"]
[Date "2019.08.02"]
[Round "1"]
[White "Isaksson, Philip"]
[Black "Pavesi, Brando"]
[Result "1/2-1/2"]
[WhiteElo "1675"]
[BlackElo "2056"]
[PlyCount "65"]
[EventDate "2019.08.02"]
[EventType "swiss"]
[EventRounds "9"]
[EventCountry "SVK"]
[SourceTitle "EXT 2020"]
[Source "ChessBase"]
[SourceDate "2019.10.17"]
[SourceVersion "1"]
[SourceVersionDate "2019.10.17"]
[SourceQuality "1"]

1. e4 c6 2. d4 d5 3. exd5 cxd5 4. Bd3 Nc6 5. c3 Nf6 6. h3 e5 7. dxe5 Nxe5 8. Bb5+ Nc6 9. Nf3 Be7 10. 0-0 0-0 11. Bd3 h6 12. Bf4 Be6 13. Be3 Bd6 14. Nbd2 Qd7 15. Qa4 Bf5 16. Bxf5 Qxf5 17. Nd4 Nxd4 18. Bxd4 Ne4 19. Qd1 Qf4 20. Nf3 Ng5 21. Re1 Rfe8 22. Be3 Nxf3+ 23. Qxf3 Qxf3 24. gxf3 b6 25. Rad1 Rad8 26. Rd3 Re7 27. Red1 Red7 28. Kg2 Be5 29. f4 Bf6 30. Bd4 Be7 31. Be3 Bf6 32. Bd4 Be7 33. Be3 1/2-1/2

[Event "Stockholm op"]
[Site "Stockholm"]
[Date "2018.08.18"]
[Round "8"]
[White "Ansner, Bjorn"]
[Black "Isaksson, Philip"]
[Result "1/2-1/2"]
[WhiteElo "2025"]
[BlackElo "1296"]
[PlyCount "87"]
[EventDate "2018.08.13"]
[EventType "swiss"]
[EventRounds "9"]
[EventCountry "SWE"]
[SourceTitle "EXT 2019"]
[Source "ChessBase"]
[SourceDate "2018.10.10"]
[SourceVersion "1"]
[SourceVersionDate "2018.10.10"]
[SourceQuality "1"]

1. d4 d5 2. Nf3 Nf6 3. Bf4 c6 4. e3 Bg4 5. c4 e6 6. Nc3 Nbd7 7. Bd3 Be7 8. 0-0 0-0 9. h3 Bh5 10. c5 b6 11. b4 Ne8 12. e4 Bg6 13. exd5 exd5 14. Re1 Bf6 15. Rc1 b5 16. a4 a6 17. Ne5 Nxe5 18. Bxe5 Bg5 19. Rc2 Nc7 20. f4 Bh4 21. Re3 f5 22. a5 Bf6 23. Qf3 Qd7 24. Bxf6 Rxf6 25. Re5 Raf8 26. Rce2 Ne6 27. Qe3 Re8 28. Nb1 Bh5 29. Re1 Bg6 30. Nd2 Bh5 31. Be2 Bxe2 32. Rxe2 Kf7 33. Nf3 g6 34. Ng5+ Nxg5 35. Rxe8 Ne4 36. Re5 Qd8 37. Kh2 Qd7 38. Re1 Qc8 39. Re2 Qd7 40. Qf3 h5 41. g3 Qc8 42. Rg2 Qh8 43. Kg1 Qh7 44. Kh2 1/2-1/2